00261nam a22000737a 4500100002600000245011800026260002900144300001400173 aAmarasinghe, A.A.T.L. aStatus of Toxic Elements (cadmium,chromium and lead) in commercially Available energy Drinks:A preliminary study/ aColombo:bIchemc,c2016. aviii,28p;